00459nam a2200133Ia 4500008004100000082002100041100002600062245005300088260003300141300001000174942001200184999001900196952011000215210430s9999 xx 000 0 und d a621.38152 P574 P aZouheir Sekkat952135 aPhotoreactive Organic Thin filmscZouheir Sekkat aBostonbAcademic Pressc2002 a560p. cBK2ddc c563494d563494 001040708NFICaSCMEbSCMEcGENd0008-02-11l0o621.38152 P574 PpSCME-2415r2021-04-30w2021-04-30yBK